[Event "Leamington Spa 4NCL op 26th"]
[Site "Leamington Spa"]
[Date "2021.09.10"]
[Round "1"]
[White "Cannon, Richard James"]
[Black "Han, Yichen"]
[Result "1-0"]
[WhiteElo "2013"]
[BlackElo "2307"]
[PlyCount "109"]
[EventDate "2021.09.10"]
[EventType "swiss"]
[EventRounds "5"]
[EventCountry "ENG"]
[SourceTitle "CBM 204 Extra"]
[Source "ChessBase"]
[SourceDate "2021.11.30"]
[SourceVersion "1"]
[SourceVersionDate "2021.11.30"]
[SourceQuality "1"]

1. e4 e5 2. Nc3 Nf6 3. f4 d5 4. fxe5 Nxe4 5. Qf3 Nc6 6. Bb5 Nxc3 7. dxc3 a6 8. Bxc6+ bxc6 9. Qg3 Qd7 10. Be3 Qg4 11. Ne2 Qxg3+ 12. Nxg3 g6 13. 0-0 Bg7 14. Bc5 h5 15. h4 Bf8 16. Bxf8 Rxf8 17. Rf6 Be6 18. Ne2 Kd7 19. Raf1 Rae8 20. Nd4 Rg8 21. Nf3 Rg7 22. Ng5 Re7 23. b4 c5 24. a4 cxb4 25. cxb4 Kc8 26. c3 Bf5 27. Re1 Kb7 28. Kf2 Ka7 29. Kf3 c5 30. b5 axb5 31. axb5 Kb8 32. b6 d4 33. cxd4 cxd4 34. Kf4 d3 35. Rd1 Rd7 36. Rd6 Rxd6 37. exd6 Rg8 38. Ke5 Kb7 39. Nxf7 Kxb6 40. Kd5 Re8 41. Ne5 Be6+ 42. Kd4 Rd8 43. Rb1+ Ka6 44. Kc5 Rf8 45. Nxd3 Bf5 46. Rb3 Be6 47. Nb4+ Kb7 48. Nd5+ Ka7 49. Ra3+ Kb7 50. Rb3+ Ka7 51. Re3 Re8 52. Nc7 Bf5 53. Kc6 Rd8 54. Ra3+ Kb8 55. Ra8# 1-0

[Event "World op 48th"]
[Site "ICC INT"]
[Date "2020.08.09"]
[Round "8"]
[White "Cannon, Richard James"]
[Black "Ladan, Nicholas John"]
[Result "0-1"]
[WhiteElo "2013"]
[BlackElo "1850"]
[PlyCount "68"]
[EventDate "2020.08.07"]
[EventType "swiss"]
[EventRounds "9"]
[EventCountry "USA"]
[SourceTitle "CBM 197 Extra"]
[Source "ChessBase"]
[SourceDate "2020.09.30"]
[SourceVersion "1"]
[SourceVersionDate "2020.09.30"]
[SourceQuality "1"]

1. e4 e5 2. Nc3 Nc6 3. g3 g6 4. Bg2 Bg7 5. Nge2 Nge7 6. d3 0-0 7. Be3 Nd4 8. Qd2 d6 9. h3 Rb8 10. f4 c5 11. 0-0 b5 12. g4 b4 13. Nd1 f5 14. gxf5 gxf5 15. Ng3 fxe4 16. dxe4 Ba6 17. Rf2 exf4 18. Bxf4 Ng6 19. Bg5 Qd7 20. Nh5 Ne5 21. Nf6+ Bxf6 22. Bxf6 Ndf3+ 23. Bxf3 Rxf6 24. Bg2 Rg6 25. Kh2 Kh8 26. Ne3 Rbg8 27. Rg1 Bb7 28. Nd5 Bxd5 29. exd5 Qg7 30. Rgf1 Rh6 31. Kh1 Rg6 32. Kh2 Nc4 33. Qe2 Rg3 34. Bf3 Rxh3+ 0-1

[Event "Gibraltar Challengers op-B"]
[Site "Caleta"]
[Date "2020.01.27"]
[Round "4"]
[White "Meszaros, Andras"]
[Black "Cannon, Richard James"]
[Result "1-0"]
[WhiteElo "2244"]
[BlackElo "1990"]
[PlyCount "63"]
[EventDate "2020.01.25"]
[EventType "swiss"]
[EventRounds "5"]
[EventCountry "GGB"]
[SourceTitle "CBM 194 Extra"]
[Source "ChessBase"]
[SourceDate "2020.03.31"]
[SourceVersion "1"]
[SourceVersionDate "2020.03.31"]
[SourceQuality "1"]

1. e4 e6 2. b3 b6 3. Nc3 Bb7 4. Nf3 c5 5. Bb2 Nc6 6. g3 a6 7. Bg2 Nf6 8. 0-0 Qc7 9. Re1 d6 10. d4 cxd4 11. Nxd4 Be7 12. a4 Rc8 13. Nce2 Nb8 14. c4 Bxe4 15. Bxe4 Nxe4 16. Nf4 Qb7 17. Qe2 Nf6 18. Nf5 exf5 19. Bxf6 gxf6 20. Nd5 Nc6 21. Qf3 Rb8 22. Qxf5 0-0 23. Rxe7 Qxe7 24. Nxe7+ Nxe7 25. Qxf6 Ng6 26. Rd1 b5 27. cxb5 axb5 28. a5 Ra8 29. b4 Rfe8 30. Rxd6 Ne5 31. h4 Rac8 32. h5 1-0

[Event "South Wales op 16th"]
[Site "Cardiff"]
[Date "2019.07.09"]
[Round "5"]
[White "Cannon, Richard James"]
[Black "Camacho Collados, Jose"]
[Result "0-1"]
[WhiteElo "2013"]
[BlackElo "2408"]
[PlyCount "88"]
[EventDate "2019.07.07"]
[EventType "swiss"]
[EventRounds "9"]
[EventCountry "WLS"]
[SourceTitle "CBM 191 Extra"]
[Source "ChessBase"]
[SourceDate "2019.09.30"]
[SourceVersion "1"]
[SourceVersionDate "2019.09.30"]
[SourceQuality "1"]

1. e4 c5 2. Nf3 Nc6 3. d4 cxd4 4. Nxd4 Nf6 5. Nc3 e6 6. Ndb5 Bc5 7. Nd6+ Ke7 8. Nxc8+ Rxc8 9. Bd3 Qc7 10. 0-0 a6 11. Re1 Ne5 12. h3 Rcg8 13. Be3 g5 14. Bxc5+ Qxc5 15. Qe2 g4 16. Qe3 Nf3+ 17. Kf1 Qh5 18. h4 Nxe1 19. Rxe1 Qe5 20. Qb6 Rb8 21. Qb4+ d6 22. Ne2 Rhc8 23. Ng3 Rc5 24. Nf5+ Kd7 25. Ne3 Qh2 26. Bxa6 Nh5 27. Bb5+ Ke7 28. Ke2 Nf4+ 29. Kd1 Nxg2 30. Nxg2 Qxg2 31. Bd3 Qxf2 32. e5 Qf3+ 33. Kc1 Qxd3 34. Qxc5 dxc5 35. cxd3 Rd8 36. Kc2 g3 37. Rg1 Rg8 38. Rg2 Kd7 39. Kd2 Kc6 40. Ke3 Kd5 41. Kf4 h5 42. a3 Kd4 43. b4 cxb4 44. axb4 b5 0-1

[Event "London Classic Super rapid 8th"]
[Site "London"]
[Date "2016.12.17"]
[Round "2"]
[White "Cannon, Richard James"]
[Black "Cornette, Matthieu"]
[Result "0-1"]
[WhiteElo "2038"]
[BlackElo "2597"]
[PlyCount "72"]
[EventDate "2016.12.17"]
[EventType "swiss (rapid)"]
[EventRounds "10"]
[EventCountry "ENG"]
[SourceTitle "CBM 176 Extra"]
[Source "ChessBase"]
[SourceDate "2017.03.02"]
[SourceVersion "1"]
[SourceVersionDate "2017.03.02"]
[SourceQuality "1"]

1. e4 c5 2. Nf3 Nc6 3. d4 cxd4 4. Nxd4 e5 5. Nb5 d6 6. N1c3 a6 7. Na3 Be7 8. Nd5 Nf6 9. Nxf6+ Bxf6 10. Nc4 0-0 11. Be3 Nd4 12. c3 b5 13. cxd4 bxc4 14. d5 Bg5 15. Qd2 Bxe3 16. Qxe3 f5 17. Bxc4 f4 18. Qd2 f3 19. gxf3 Rxf3 20. 0-0-0 Qf6 21. Kb1 Bh3 22. Qb4 Rxf2 23. Qb7 Qd8 24. Rhg1 Bg2 25. Ka1 Rf7 26. Qc6 Bxe4 27. Rc1 Rc7 28. Qb6 Bd3 29. b3 Bxc4 30. bxc4 Rb8 31. Qxa6 Qh4 32. Rgd1 Rcb7 33. Qxd6 Qxh2 34. Qa3 e4 35. Rb1 Qe5+ 36. Rb2 Rxb2 0-1

[Event "London Weekend op 12"]
[Site "London"]
[Date "2016.12.10"]
[Round "3"]
[White "Foster, Timothy"]
[Black "Cannon, Richard James"]
[Result "0-1"]
[WhiteElo "1867"]
[BlackElo "2038"]
[PlyCount "152"]
[EventDate "2016.12.09"]
[EventType "swiss"]
[EventRounds "5"]
[EventCountry "ENG"]
[SourceTitle "CBM 176 Extra"]
[Source "ChessBase"]
[SourceDate "2017.03.02"]
[SourceVersion "1"]
[SourceVersionDate "2017.03.02"]
[SourceQuality "1"]

1. g3 e5 2. c4 Nf6 3. Bg2 d5 4. cxd5 Nxd5 5. Nc3 Nb6 6. Nf3 Nc6 7. d3 Be7 8. 0-0 0-0 9. Be3 Be6 10. Ne4 f6 11. Nc5 Bxc5 12. Bxc5 Rf7 13. Nd2 Bd5 14. Bh3 Nd7 15. Ba3 Qe8 16. Nc4 Nd4 17. Ne3 Bc6 18. Nf5 Nxf5 19. Bxf5 g6 20. Be4 Bxe4 21. dxe4 Rd8 22. Qb3 Nb6 23. Rfd1 Rd4 24. f3 Kg7 25. Bc5 Rdd7 26. a4 Rxd1+ 27. Qxd1 Qc6 28. b4 a5 29. Rc1 Rd7 30. Qb3 Qxa4 31. Qxa4 Nxa4 32. bxa5 Kf7 33. Be3 Nb2 34. Kg2 Ke6 35. a6 bxa6 36. Rc6+ Kf7 37. Rxa6 Nd1 38. Bc5 Nc3 39. e3 Rd2+ 40. Kh3 Ne2 41. g4 h5 42. Ra7 Ng1+ 43. Kg3 h4+ 44. Kxh4 Nxf3+ 45. Kg3 Ng5 46. Rxc7+ Kg8 47. Rc8+ Kf7 48. Rc7+ Ke8 49. Bb4 Nxe4+ 50. Kf3 Ng5+ 51. Kg3 Rb2 52. Ba3 Ra2 53. Be7 Ne4+ 54. Kf3 f5 55. gxf5 gxf5 56. Bh4 Nd2+ 57. Ke2 e4 58. Bg3 Nc4+ 59. Ke1 Nxe3 60. h4 Rg2 61. Be5 Ng4 62. Rg7 Ne3 63. Rc7 Nd5 64. Rc5 Nb4 65. Rc8+ Kd7 66. Rc7+ Ke6 67. Bg7 Nd3+ 68. Kf1 Rh2 69. Rc6+ Kd5 70. Rf6 f4 71. Rf5+ Ke6 72. Rf6+ Ke7 73. Rf5 e3 74. Ra5 e2+ 75. Kg1 e1Q+ 76. Kxh2 Qxh4+ 0-1

[Event "BCF-ch Weekend op"]
[Site "Bournemouth"]
[Date "2016.07.29"]
[Round "1"]
[White "Purry, Chris S"]
[Black "Cannon, Richard James"]
[Result "0-1"]
[WhiteElo "1855"]
[BlackElo "2013"]
[PlyCount "56"]
[EventDate "2016.07.29"]
[EventType "swiss"]
[EventRounds "5"]
[EventCountry "ENG"]
[SourceTitle "CBM 173 Extra"]
[Source "ChessBase"]
[SourceDate "2016.08.29"]
[SourceVersion "1"]
[SourceVersionDate "2016.08.29"]
[SourceQuality "1"]

1. e4 e6 2. d4 d5 3. Nd2 Nf6 4. e5 Nfd7 5. Bd3 c5 6. c3 Nc6 7. Ne2 cxd4 8. cxd4 f6 9. exf6 Nxf6 10. Nf3 Bd6 11. Bf4 Bxf4 12. Nxf4 0-0 13. 0-0 Ne4 14. Ne2 Rxf3 15. gxf3 Ng5 16. f4 Nf3+ 17. Kg2 Qh4 18. Kxf3 Qh3+ 19. Ng3 e5 20. Ke3 exf4+ 21. Kxf4 Qh6+ 22. Kf3 Bh3 23. Bxh7+ Kxh7 24. Qd3+ g6 25. Rfe1 Rf8+ 26. Ke2 Bg4+ 27. Kf1 Qxh2 28. Qc2 Qh3+ 0-1

[Event "London Classic CSC op 7th"]
[Site "London"]
[Date "2015.12.06"]
[Round "4"]
[White "Cannon, Richard James"]
[Black "Ledger, Dave J"]
[Result "0-1"]
[WhiteElo "2014"]
[BlackElo "2212"]
[PlyCount "88"]
[EventDate "2015.12.04"]
[EventType "swiss"]
[EventRounds "5"]
[EventCountry "ENG"]
[SourceTitle "CBM 169 Extra"]
[Source "ChessBase"]
[SourceDate "2015.12.18"]
[SourceVersion "1"]
[SourceVersionDate "2015.12.18"]
[SourceQuality "1"]

1. e4 e5 2. Nf3 Nc6 3. Bb5 a6 4. Ba4 Nf6 5. 0-0 b5 6. Bb3 Be7 7. Re1 d6 8. c3 0-0 9. d4 Bg4 10. Be3 Bh5 11. Nbd2 Re8 12. d5 Nb8 13. Bc2 c6 14. dxc6 Nxc6 15. Nf1 Bg6 16. Ng3 d5 17. exd5 Nxd5 18. Bxg6 hxg6 19. Bd2 Qc7 20. Bg5 Rad8 21. Bxe7 Rxe7 22. Qc2 Nf4 23. Rad1 Rde8 24. Ne4 Nd4 25. Nxd4 exd4 26. f3 f5 27. g3 Nh5 28. g4 Nf4 29. gxf5 gxf5 30. Qb3+ Kh8 31. Rxd4 fxe4 32. fxe4 Qb6 33. Kh1 Qg6 34. Qc2 Re5 35. Qd2 Rxe4 36. Rdxe4 Rxe4 37. Qd8+ Kh7 38. Qh4+ Kg8 39. Qd8+ Kf7 40. Qc7+ Kf8 41. Rg1 Qf7 42. Qb8+ Re8 43. Qd6+ Kg8 44. Rf1 Qb7+ 0-1

[Event "London Classic CSC op 7th"]
[Site "London"]
[Date "2015.12.05"]
[Round "2"]
[White "Cannon, Richard James"]
[Black "Pedersen, Carsten"]
[Result "0-1"]
[WhiteElo "2014"]
[BlackElo "2154"]
[PlyCount "110"]
[EventDate "2015.12.04"]
[EventType "swiss"]
[EventRounds "5"]
[EventCountry "ENG"]
[SourceTitle "CBM 169 Extra"]
[Source "ChessBase"]
[SourceDate "2015.12.18"]
[SourceVersion "1"]
[SourceVersionDate "2015.12.18"]
[SourceQuality "1"]

1. e4 e6 2. Nc3 d5 3. d4 Nf6 4. e5 Nfd7 5. Nf3 c5 6. dxc5 Nc6 7. Bf4 Bxc5 8. Bd3 f6 9. exf6 Nxf6 10. 0-0 0-0 11. Qe2 Bd7 12. h3 Qe8 13. Ne5 Nh5 14. Bh2 Nf4 15. Bxf4 Rxf4 16. Nxc6 Bxc6 17. Rae1 Qf7 18. Nd1 Re8 19. Kh1 a6 20. f3 Bd6 21. Ne3 Rh4 22. Qf2 Qf4 23. Qg1 Qg3 24. Ng4 h5 25. Nh2 b6 26. Re3 Bc5 27. Rfe1 Bb5 28. Bxb5 axb5 29. Qf1 Bxe3 30. Rxe3 Rc4 31. Qe2 Qg6 32. c3 b4 33. Nf1 bxc3 34. bxc3 Qf6 35. Qb2 Rc6 36. Ng3 Qf4 37. Nf1 Rec8 38. Qe2 Qf6 39. Ng3 g6 40. Re5 Kf7 41. f4 Rxc3 42. f5 Rxg3 43. fxe6+ Ke7 44. Rxd5 Rc7 45. Qb5 Qa1+ 46. Kh2 Rxg2+ 47. Kxg2 Rc2+ 48. Kf3 Qh1+ 49. Kf4 Qc1+ 50. Ke4 Rc4+ 51. Rd4 Qe1+ 52. Kd3 Qf1+ 53. Ke3 Rc3+ 54. Rd3 Rxd3+ 55. Qxd3 Qxh3+ 0-1

[Event "London Classic CSC op 7th"]
[Site "London"]
[Date "2015.12.05"]
[Round "3"]
[White "Mospan, Edward"]
[Black "Cannon, Richard James"]
[Result "0-1"]
[WhiteElo "1254"]
[BlackElo "2014"]
[PlyCount "62"]
[EventDate "2015.12.04"]
[EventType "swiss"]
[EventRounds "5"]
[EventCountry "ENG"]
[SourceTitle "CBM 169 Extra"]
[Source "ChessBase"]
[SourceDate "2015.12.18"]
[SourceVersion "1"]
[SourceVersionDate "2015.12.18"]
[SourceQuality "1"]

1. e4 e6 2. d4 d5 3. e5 c5 4. c3 Qb6 5. Nf3 Nc6 6. Be2 cxd4 7. cxd4 Nh6 8. b3 Bb4+ 9. Bd2 Nxd4 10. 0-0 Nxf3+ 11. Bxf3 Qd4 12. Bxb4 Qxa1 13. Qc2 Qxe5 14. Qc5 Qf6 15. Qb5+ Bd7 16. Qxb7 Qd8 17. Bxd5 Rb8 18. Qa6 Rxb4 19. Qd6 Qb8 20. Qc5 Rb5 21. Qe3 Rxd5 22. Nc3 Ng4 23. Qh3 Qxh2+ 24. Qxh2 Nxh2 25. Kxh2 Rh5+ 26. Kg1 Ke7 27. Ne4 Rc8 28. b4 Rc4 29. Ng3 Rd5 30. a3 Rcd4 31. Kh2 Rd1 0-1

[Event "London Classic op-B 5th"]
[Site "London"]
[Date "2013.12.14"]
[Round "3"]
[White "Cannon, Richard James"]
[Black "Radovanovic, Jovica"]
[Result "0-1"]
[WhiteElo "2078"]
[BlackElo "2339"]
[PlyCount "64"]
[EventDate "2013.12.13"]
[EventType "swiss"]
[EventRounds "5"]
[EventCountry "ENG"]
[SourceTitle "EXT 2016"]
[Source "ChessBase"]
[SourceDate "2015.10.08"]
[SourceVersion "1"]
[SourceVersionDate "2015.10.08"]
[SourceQuality "1"]

1. e4 c5 2. Nc3 Nc6 3. Nge2 Nf6 4. d4 cxd4 5. Nxd4 d6 6. f4 Bg4 7. Qd3 Bd7 8. a3 g6 9. Be3 Bg7 10. Be2 0-0 11. h3 Rc8 12. Nb3 Be6 13. 0-0 Na5 14. Nxa5 Qxa5 15. Bd4 Bc4 16. Qe3 e5 17. fxe5 dxe5 18. Bxa7 Bxe2 19. Nxe2 Rxc2 20. b4 Qa6 21. Rf2 Bh6 22. Qb6 Qxb6 23. Bxb6 Nxe4 24. Ng3 Nxf2 25. Bxf2 f5 26. Nf1 Rfc8 27. Rd1 e4 28. Ne3 Rc1 29. Rxc1 Rxc1+ 30. Kh2 Bf4+ 31. g3 Bxe3 32. Bxe3 Rc3 0-1

[Event "London Classic op-B 5th"]
[Site "London"]
[Date "2013.12.13"]
[Round "1"]
[White "Kassel, Walter"]
[Black "Cannon, Richard James"]
[Result "0-1"]
[WhiteElo "1893"]
[BlackElo "2078"]
[PlyCount "72"]
[EventDate "2013.12.13"]
[EventType "swiss"]
[EventRounds "5"]
[EventCountry "ENG"]
[SourceTitle "EXT 2016"]
[Source "ChessBase"]
[SourceDate "2015.10.08"]
[SourceVersion "1"]
[SourceVersionDate "2015.10.08"]
[SourceQuality "1"]

1. e4 e6 2. d4 d5 3. Nc3 Nf6 4. Bg5 Bb4 5. e5 h6 6. Bd2 Bxc3 7. bxc3 Ne4 8. Nf3 c5 9. Bd3 Nxd2 10. Qxd2 Nc6 11. 0-0 Qa5 12. Rfd1 cxd4 13. cxd4 Qxd2 14. Rxd2 Na5 15. Rc1 Bd7 16. c4 dxc4 17. Bxc4 Nxc4 18. Rxc4 Bc6 19. Ne1 Rd8 20. Nc2 a5 21. Ne3 f6 22. Rc5 a4 23. Nc4 Rd5 24. Rxd5 Bxd5 25. Nd6+ Kd7 26. a3 Rb8 27. Rb2 fxe5 28. dxe5 Bb3 29. Rd2 Kc6 30. Ne4 b5 31. Rd6+ Kc7 32. Nc5 Rd8 33. Rxd8 Kxd8 34. Kf1 b4 35. axb4 Bc4+ 36. Ke1 a3 0-1

[Event "London Classic op 4th"]
[Site "London"]
[Date "2012.12.04"]
[Round "4"]
[White "Cannon, Richard James"]
[Black "Matthew, Ian"]
[Result "1-0"]
[WhiteElo "2071"]
[BlackElo "1948"]
[PlyCount "31"]
[EventDate "2012.12.01"]
[EventType "swiss"]
[EventRounds "9"]
[EventCountry "ENG"]
[SourceTitle "CBM 151 Extra"]
[Source "ChessBase"]
[SourceDate "2012.12.18"]
[SourceVersion "1"]
[SourceVersionDate "2012.12.18"]
[SourceQuality "1"]

1. e4 c5 2. Nf3 e6 3. d4 cxd4 4. Nxd4 a6 5. Bd3 Nc6 6. Nxc6 dxc6 7. Nd2 e5 8. Nc4 Qc7 9. Qh5 Bd6 10. Qg5 g6 11. 0-0 b5 12. Nxd6+ Qxd6 13. f4 h6 14. Qg3 exf4 15. Bxf4 Qd4+ 16. Kh1 1-0

[Event "Blackpool op 35th"]
[Site "Blackpool"]
[Date "2011.03.12"]
[Round "2"]
[White "Cannon, Richard James"]
[Black "Haslinger, Stewart"]
[Result "0-1"]
[WhiteElo "2098"]
[BlackElo "2552"]
[PlyCount "110"]
[EventDate "2011.03.11"]
[EventType "swiss"]
[EventRounds "5"]
[EventCountry "ENG"]
[SourceTitle "CBM 141 Extra"]
[Source "ChessBase"]
[SourceDate "2011.05.03"]
[SourceVersion "1"]
[SourceVersionDate "2011.05.03"]
[SourceQuality "1"]

1. e4 e5 2. Nf3 Nc6 3. Bb5 a6 4. Ba4 Nf6 5. 0-0 Be7 6. Qe2 b5 7. Bb3 0-0 8. c3 d5 9. exd5 Bg4 10. h3 Bxf3 11. Qxf3 e4 12. Qf5 g6 13. Qf4 Na5 14. Bc2 Bd6 15. Qh4 Re8 16. b4 Nc4 17. d3 exd3 18. Bxd3 Nxd5 19. Bg5 Be7 20. Bxe7 Qxe7 21. Qxe7 Rxe7 22. Bxc4 bxc4 23. Nd2 Nxc3 24. Nxc4 Re4 25. Na5 Rxb4 26. a3 Ra4 27. Nc6 Nb5 28. Rfe1 Rxa3 29. Rad1 Rc3 30. Na5 Nd6 31. Rc1 Rxc1 32. Rxc1 Nb5 33. Rc6 Kf8 34. f4 Ke7 35. Kf2 Kd7 36. Ke3 Nd6 37. g4 Nb7 38. Rf6 Re8+ 39. Kd4 Nxa5 40. Rxa6 Nc6+ 41. Kc5 Re3 42. Ra1 Rc3+ 43. Kb5 Nd4+ 44. Ka4 c5 45. Rb1 Kc6 46. Rb8 Rxh3 47. Rf8 Nc2 48. Rc8+ Kd5 49. Rc7 f5 50. gxf5 gxf5 51. Rf7 Nd4 52. Rd7+ Kc6 53. Rd8 h5 54. Rc8+ Kd5 55. Rd8+ Kc4 0-1